MARC details
| 000 -LEADER |
| campo de control de longitud fija |
01974nkc a2200301za 4500 |
| 001 - NÚMERO DE CONTROL |
| campo de control |
84575 |
| 003 - IDENTIFICADOR DE NÚMERO DE CONTROL |
| campo de control |
OSt |
| 005 - FECHA Y HORA DE LA ÚLTIMA TRANSACCIÓN |
| campo de control |
20260423160248.0 |
| 007 - CAMPO FIJO DE DESCRIPCIÓN FÍSICA--INFORMACIÓN GENERAL |
| campo de control de longitud fija |
kh boc |
| 008 - DATOS DE LONGITUD FIJA--INFORMACIÓN GENERAL |
| campo de control de longitud fija |
250410s1909 sp ||||| ||||||0| i|spa d |
| 040 ## - FUENTE DE CATALOGACIÓN |
| Centro/agencia transcriptor |
M-RABA |
| Centro catalogador/agencia de origen |
M-RABA |
| Lengua de catalogación |
spa |
| 245 03 - MENCIÓN DEL TÍTULO |
| Título |
El rey arma caballero al Cid |
| Resto del título |
: (El rey D. Fernando Magno) |
| Medio |
[Material gráfico] |
| Mención de responsabilidad, etc. |
/ José Rodríguez Díaz |
| 246 ## - FORMA VARIANTE DEL TITULO |
| Título propio/Titulo breve |
El rey don Fernando el Grande armando Caballero al Cid |
| 260 ## - PUBLICACIÓN, DISTRIBUCIÓN, ETC. |
| Nombre del editor, distribuidor, etc. |
[Hauser y Menet] |
| Fecha de publicación, distribución, etc. |
, [ca. 1909] |
| 300 ## - DESCRIPCIÓN FÍSICA |
| Extensión |
1 fotografía |
| Otras características físicas |
: gelatina de plata |
| Dimensiones |
; imagen 17,5 x 14 cm |
| -- |
; soporte secundario 30 x 24 cm |
| 500 ## - NOTA GENERAL |
| Nota general |
Fotografía del relieve "El rey don Fernando el Grande armando Caballero al Cid" de Manuel Álvarez, obteniendo el primer premio de la Academia en Escultura, de segunda clase en el año 1769. Se conserva en el Museo de la Real Academia de Bellas Artes de San Fernando con nº de inventario E-307. |
| 500 ## - NOTA GENERAL |
| Nota general |
Montada sobre un soporte secundario de cartón, con texto manuscrito a lápiz en la parte inferior al recto: "El Rey arma caballero al Cid (El Rey D. Fernando Magno). 1769. Concurso. 2ª clase. 1º premio de la 2ª clase (tachado: D. José Rodríguez Díaz) 2º premio de 2ª clase D. José Martínez Reyna". Nota manuscrita al verso a lápiz rojo: "1769-2ª clase". |
| 500 ## - NOTA GENERAL |
| Nota general |
Fecha probable de la realización de la fotografía realizada por Hauser y Menet. |
| 544 ## - NOTA DE LOCALIZACIÓN DE MATERIALES DE ARCHIVO RELACIONADOS |
| Depositario(custodio) |
Archivo de la Real Academia de Bellas Artes de San Fernando (Le-4-29-1) |
| 600 10 - PUNTO DE ACCESO ADICIONAL DE MATERIA--NOMBRE DE PERSONA |
| Nombre de persona |
Rodríguez Díaz, José |
| Fechas asociadas al nombre |
(ca. 1746-1817) |
| 9 (RLIN) |
111688 |
| 610 24 - PUNTO DE ACCESO ADICIONAL DE MATERIA--NOMBRE DE ENTIDAD CORPORATIVA |
| Nombre de entidad corporativa o nombre de jurisdicción como elemento de entrada |
Real Academia de Bellas Artes de San Fernando. |
| 9 (RLIN) |
75832 |
| 651 #7 - PUNTO DE ACCESO ADICIONAL DE MATERIA--NOMBRE GEOGRÁFICO |
| Nombre geográfico |
Madrid |
| Fuente del encabezamiento o término |
embne |
| 9 (RLIN) |
75182 |
| 655 #7 - TERMINO DE INDIZACIÓN--GENERO/FORMA |
| Datos o término principal de género/forma |
Fotografías de obras de arte |
| 9 (RLIN) |
75675 |
| 710 2# - ENTRADA AGREGADA--NOMBRE DE ENTIDAD CORPORATIVA |
| Nombre de entidad corporativa o nombre de jurisdicción como elemento de entrada |
Real Academia de Bellas Artes de San Fernando. |
| 9 (RLIN) |
75832 |
| 852 ## - LOCALIZACIÓN |
| Número de control de estantería |
Fot-605 |
| 856 ## - LOCALIZACIÓN Y ACCESO ELECTRÓNICOS |
| Materiales especificados |
Fot-605 |
| Identificador Uniforme de Recurso |
<a href="https://archivoybiblioteca.realacademiabellasartessanfernando.com/cgi-bin/koha/opac-retrieve-file.pl?id=95f00c05bc7f326730630dddad644f05">https://archivoybiblioteca.realacademiabellasartessanfernando.com/cgi-bin/koha/opac-retrieve-file.pl?id=95f00c05bc7f326730630dddad644f05</a> |
| 942 ## - ELEMENTOS DE ENTRADA SECUNDARIOS (KOHA) |
| Fuente de la clasificación o esquema de estantería |
Clasificación Decimal Dewey |
| Tipo de ítem Koha |
Fotografías |
| Suprimir en OPAC |
No |